Duszniki Zdrój und Umgebung

Titel: Duszniki Zdrój und Umgebung / Text: Wiktor Zielony, Teresa Windyka. Übersetzt von: Regina Kamberow-Thiemann, L. Agata Zasęba.
Verfasser: ;
Beteiligt:
Veröffentlicht: Duszniki Zdrój : Urząd Miejski, 2003
Umfang: 32 Seiten : Illustrationen
Format: Buch
Sprache: Deutsch
Schlagworte:
Kein Bild verfügbar
X
alg: 51516140
001A    $03004:31-01-24 
001B    $01999:31-01-24 $t22:46:28.000 
001D    $03004:31-01-24 
001U    $0utf8 
001X    $00 
002@    $0Aau 
002C    $aText $btxt $2rdacontent 
002D    $aohne Hilfsmittel zu benutzen $bn $2rdamedia 
002E    $aBand $bnc $2rdacarrier 
003@    $0515161403 
003O    $01419465867 $aOCoLC 
007A    $0515161403 $aHEB 
010@    $ager 
010E    $erda 
011@    $a2003 
013D    $RAdressbuch $RVerzeichnis $#Handbooks, vade-mecums, etc. $#Guides pratiques $#Stadtführer $#Reiseführer Formschlagwort $74155569-7 $8Führer [Ts1] $9085661619 
021A    $aDuszniki Zdrój und Umgebung $hText: Wiktor Zielony, Teresa Windyka. Übersetzt von: Regina Kamberow-Thiemann, L. Agata Zasęba. 
028C    $BVerfasser $4aut $7 $8Zielony, Wiktor [Tnx] $9167940759 
028C    $BVerfasser $4aut $71041768818 $8Windyka, Teresa [Tp3] $9331296705 
028C    $BÜbersetzer $#Thiemann, Regina Kamberow- $4trl $7 $8Kamberow-Thiemann, Regina [Tnu] $9515161632 
033A    $pDuszniki Zdrój $nUrząd Miejski 
034D    $a32 Seiten 
034M    $aIllustrationen 
044K    $RReinerz $#Duszniki-Zdrój $#Duezniki-Zdroj $#Reinerz Duszniki Zdrój $#Bad Reinerz Duszniki Zdrój $74103654-2 $8Duszniki Zdrój [Tg1] $9085303801 
044K    $RReise $RTourismusforschung $RReiseverkehr $#Tourism $#Tourisme $#tourism $#Tourismus $#Tourismus $#Touristik Fremdenverkehr $#Fremdenverkehr $74018406-7 $8Tourismus [Ts1] $9085043508 
045F    $a307.09438 $eDDC23BSB 
045F/01 $a307.09 
045F/03 $g438 
045F/03 $g4385 

lok: 51516140 24

exp: 51516140 24 1 #EPN
201B/01 $006-02-24 $t11:07:54.000 
201C/01 $031-01-24 
201U/01 $0utf8 
203@/01 $01255492511 
208@/01 $a06-02-24 $bz 
209A/01 $aS 37926 $du $f050 $hS 37926 $x00 
209C/01 $a24.00244 G $h24 00244 G 
209G/01 $a74820743 $x00 
220C/01 $ahae 
247C/01 $8358050-7 Marburg, Bibliothek des Herder-Instituts Marburg $9102600961
LEADER 00000cam a2200000 c 4500
001 515161403
003 DE-603
005 20240131224628.0
007 tu
008 240131s2003 xx |||| | u00||u|ger c
035 |a (DE-599)HEB515161403 
035 |a (OCoLC)1419465867 
040 |a DE-603  |b ger  |c DE-603  |d DE-603  |e rda 
041 |a ger 
082 0 4 |8 1\u  |a 307.09438  |q DE-101  |2 23/BSB 
085 |8 1\u  |b 307.09 
085 |8 1\u  |z 2  |s 438 
085 |8 1\u  |z 2  |s 4385 
245 0 0 |a Duszniki Zdrój und Umgebung  |c Text: Wiktor Zielony, Teresa Windyka. Übersetzt von: Regina Kamberow-Thiemann, L. Agata Zasęba. 
264 1 |a Duszniki Zdrój  |b Urząd Miejski  |c 2003 
300 |a 32 Seiten  |b Illustrationen 
336 |a Text  |b txt  |2 rdacontent 
337 |a ohne Hilfsmittel zu benutzen  |b n  |2 rdamedia 
338 |a Band  |b nc  |2 rdacarrier 
650 7 |a Tourismus  |0 (DE-588)4018406-7  |0 (DE-603)085043508  |2 gnd 
651 7 |a Duszniki Zdrój  |0 (DE-588)4103654-2  |0 (DE-603)085303801  |2 gnd 
655 7 |a Führer  |2 gnd-content  |0 (DE-588)4155569-7  |0 (DE-603)085661619 
700 1 |a Zielony, Wiktor  |e Verfasser  |4 aut  |0 (DE-603)167940759 
700 1 |a Windyka, Teresa  |e Verfasser  |4 aut  |0 (DE-603)331296705  |0 (DE-588)1041768818  |2 gnd 
700 1 |a Kamberow-Thiemann, Regina  |e Übersetzer  |4 trl  |0 (DE-603)515161632 
924 0 |9 Mb 50  |a (DE-603)1255492511  |b DE-Mb50  |c HES  |d c  |g S 37926